Quizzes
Events
Quiz Creation
Community
Videos
Private Events
Remove Ads
Sign In
Join for FREE
Feedback
Dark Mode
Quiz Categories
Sports
Geography
Music
Movies
Television
Just For Fun
Miscellaneous
History
Literature
Language
Science
Gaming
Entertainment
Religion
Holiday
For Kids
Quiz Lab
Recent
Popular Today
Quiz Kudos Today
Editor Picks
Curator Picks
Quizzes by...
Day
Popularity
Type
Ratings
Length
Year
Community
Subscriptions
Recent Discussions
Orange Saloon
Badges
Playlists
Quests
Create
Leaderboards
Showdown
Live 5
Trivia Bingo
Activity
Puzzle Library
Sporcle Events
Private Events
Virtual Trivia
Globe League
Become a Host
Pub Owners
SporcleCon
Opinionation
Our Games
Videos
Blog
Mobile Apps
Partnerships
Remove Ads and Go Orange
Feedback
Just For Fun
Clickable
Get the Picture
Humor
Quick Pick
Word Ladder
Missing Word
Mixed Word
Blitz
Minefield
This or That
Alphabet
Color
Typing
Sporcle
Puzzle
Word Play
Follow That Line
Logic
Just For Fun
Clickable
Get the Picture
Humor
Quick Pick
Word Ladder
Missing Word
Mixed Word
Blitz
Minefield
This or That
Alphabet
Color
Typing
Sporcle
Puzzle
Word Play
Follow That Line
Logic
Random Quiz
Search Sporcle
×
Quiz Lab
Quiz Lab
Just For Fun
lincoln
Type in answers that appear in a list
Type in answers that appear in a list
Classic
Best Score? Go Orange.
ABCs of Lincoln, NE Stats
Can you name the ABCs of Lincoln, NE?
By
Nikkidemas
5m
26 Questions
79 Plays
79 Plays
79 Plays
Comments
Comments
Give Quiz Kudos
Give Quiz Kudos
-
- Ratings
hide this ad
More Info
Forced Order
Answers have to be entered in order
Answers have to be entered in order
Replay
Link that replays current quiz
Next Quiz
Link to next quiz in quiz playlist
You Got
0%
They Got
Avg Score
67%
Avg Friend Score
Upgrade to see
Score Distribution
Jump to the score distribution portion of the page
Score
0/26
Timer
05:00
0
Plays Today
#1 Clue
Answer
% Correct
(A) This city park is home to the municipal band's summer concerts
Antelope Park OR Amigo's
91.1%
(G) What Lincolnites call 'Westfield Shoppingtown'
Gateway Mall OR Grateful Bread
86.1%
(E) One of the two Lincoln movie theatres beginning with 'E'
East Park OR Edgewood
83.5%
(D) Home to the Nebraska Volleyball team
Devaney Center OR D'Leon's
82.3%
(R) It's a meal in a bun!
Runza OR rollerskating
82.3%
(H) Historic downtown Lincoln neighborhood
Haymarket OR Havelock
81%
(I) Get homemade ice cream at this local favorite
Ivanna Cone OR The Icebox
79.7%
(M) Archie the Mammoth guards the front entrance to this building
Morrill Hall OR Memorial Stadium
78.5%
(O) Home to the 'Uncle Sam Jam' fireworks
Oak Lake OR O Street
78.5%
(B) Lincoln's Mayor
Beutler OR Bennet Martin
72.2%
(J) Summer concert series in the Sheldon sculpture garden
Jazz in June OR Joyo Theatre
70.9%
(L) Home to Empyrean Ales and Voodoo Chicken
Lazlo's OR Lied Center
70.9%
(K) Call letters of one of the two Lincoln TV stations
KOLN/KGIN OR KLKN
68.4%
#1 Clue
Answer
% Correct
(N) 'Torn' sculpture located on campus
Notebook OR Neihardt Hall
68.4%
(S) Major Drummond leads this event on the first Saturday of December
Star City Holiday Parade OR Sunken Gardens
68.4%
(V) The original location of this pizza place is at 35th & Holdrege
Valentino's OR Van Dorn Street
68.4%
(X) The only high school spelled with an 'X'
Lincoln Pius X OR X Street
64.6%
(F) Monthly gallery walk event
First Friday OR Folsom Children's Zoo
58.2%
(C) This well-
known building was imploded in 1982
Cornhusker Hotel OR Centennial Mall
57%
(Z) Albert Collins, Buddy Guy, and the Leroy Brothers have all performed here
The Zoo Bar OR Zesto
57%
(W) This is the final resting place for 7 Nebraska governors, and was once the city's first park
Wyuka Cemetery OR Woods Park
51.9%
(P) Annual outdoor play production in Pioneers Park
Pinewood Bowl OR Paint Yourself Silly
50.6%
(Y) Go here to get a slice of the 'Atlantic' or 'Francois'
Yia Yia's OR Yankee Hill Road
49.4%
(U) Its seal reads 'Literis Dedicata et Omnibus Artibus'
University of Nebraska OR Updowntowners
48.1%
(Q) Arguably the best local bakery in town
Le Quartier OR The Q Bar
41.8%
(T) Known as a sledding spot or 'lovers' lane' in northwest Lincoln
Tanker Hill OR Tastee Inn
41.8%
Quiz Playlist
Details
Report
Send in Message
Add To Playlist
More Info:
Does this quiz leave any big ones out? Leave a suggestion in the comments.
Classic:
Type in answers that appear in a list
Forced Order:
Answers have to be entered in order
Last Updated: Aug 16, 2017
Quiz Scoreboard
CHALLENGE
Sign Up to Join the Scoreboard
Show All
Scores
Hide
Comments
May contain spoilers
Recently Published
An Introduction to Baseball
by treessimontrees
Sports
5m
Movies - When Are They Set?
by FPL_Elf
Movies
5m
Popular People in 1961
by mucciniale
History
6m
More to Explore
Quiz From the Vault
Featured Blog Post
Where Did the Easter Bunny Come From?
hide this ad
You Might Also Like...
Tags
ABC
lincoln
Today's Top Quizzes in Just For Fun
Browse Just For Fun
hide this ad
Today's Top Quizzes in lincoln
Browse lincoln
Top Contributed Quizzes in Just For Fun
1
Crossword Whiteout! 49
2
Harry Potter Logic - 'In Chains' II
3
Survivor Winners Logic Puzzle
4
Zeroing In: Just For Fun
5
Thermometer Puzzle 25
6
Word Ladder: Ahoy Matey
7
1-30 Clickable Mines
8
Aquarium Logic Puzzle 17
9
Big Thermometer Puzzle 21
10
Edinburgh Fringe jokes 2015
Explore More
Trending Topics
Crossword
Marvel
NBA
Disney
Kpop
Anime
Harry Potter
Puzzle
Pokémon
Country
The Office
Soccer
NFL
WWE
Song
hide this ad
More By:
Nikkidemas
Quiz
Plays
Rating
Category
Featured
Created
What Does the Fox Say?
56,605
4.44
Music
Sep 8, 2013
Cryptogram Fast Food
8,741
4.41
Just For Fun
Jun 25, 2010
Monkey in the Middle
3,512
4.66
Language
Oct 8, 2012
Movie Monologue: Shawshank Redemption Parole Speech
3,435
4.84
Movies
Jul 8, 2012
TV monologue: Will McAvoy/The Newsroom
1,984
4.31
Television
Jul 5, 2012
Go to Creator's Profile
Score Distribution
Quiz Creator Spotlight
Nikkidemas
Follow
Send a Message
Quizzes Created
-
Created Quiz Play Count
-
More By This Creator
Popular Quizzes Today
1
Find the Countries of Europe - No Outlines Minefield
2
Find the US States - No Outlines Minefield
3
The Countries of the World
4
Popular People in 1961
5
US States
6
1-10 Letter E Words III
7
Find the US States
8
One Thing in Common: World Cities II
More Just For Fun Quizzes
Quick Pick: 'U & V' World Landmarks
Published
Trending Quizzes
Risky Map Clicking: Least Populous States A-Z
1-10 Letter F Words
1-10 Letter G Words
One Thing in Common: United Kingdom
Risky Map Clicking: Next State Alphabetically
Recently Updated
Leaping Animals
pecheneg
Reality TV Shows (A-Z)
bhenderson79
Rickey Henderson's Hall of Fame Teammates
pecheneg
Champions League XIs: Arsenal
pecheneg
Quick Pick: Celebrities in WWE's Hall of Fame
aduchscher
A-Z Keypad Blitz II
pecheneg
Multiple Oscar Actors
pecheneg
Mystery Phrase Blitz: Oscar 'Best Actors'
pecheneg
F. Scott Fitzgerald Novels
LTH
Pick 3 Villains
ddd62291
Trending Topics
NBA
Kpop
Harry Potter
Anime
Disney
Crossword
Marvel
Soccer
Pokémon
Puzzle
Song
WWE
NFL
Country
The Office
Your Account Isn't Verified!
In order to create a playlist on Sporcle, you need to verify the email address you used during registration. Go to your
Sporcle Settings
to finish the process.
Report this User
Report this user for behavior that violates our
Community Guidelines
.
Details:
Send Report
Go to the Sporcle.com Mobile Site →
Comments